书目信息 |
| 题名: |
半导体物理基础
|
|
| 作者: | 黄昆 , 韩汝琦 著 | |
| 分册: | ||
| 出版信息: | 北京 科学出版社 1979.7 |
|
| 页数: | 283页 | |
| 开本: | 25cm | |
| 丛书名: | 中国科学技术经典文库 | |
| 单 册: | ||
| 中图分类: | O47 | |
| 科图分类: | ||
| 主题词: | 半导体物理学 | |
| 电子资源: | ||
| ISBN: | 978-7-03-028728-1 | |
| 000 | 01041nam0 2200277 450 | |
| 001 | 49 | |
| 005 | 20161110171400.01 | |
| 010 | @a978-7-03-028728-1@b精装@dCNY68.00 | |
| 100 | @a20101026e20101979ekmy0chiy0120 ea | |
| 101 | 0 | @achi |
| 102 | @aCN@b110000 | |
| 105 | @aak z 000yy | |
| 200 | 1 | @a半导体物理基础@9ban dao ti wu li ji chu@f黄昆,韩汝琦著 |
| 210 | @a北京@c科学出版社@d1979.7@h2010.9第2次印刷 | |
| 215 | @a283页@c图@d25cm | |
| 225 | 2 | @a中国科学技术经典文库@i物理卷 |
| 330 | @a本书主要介绍与晶体管、集成电路等所谓硅平面器件有关的半导体物理基础。第1章、第2章介绍半导体的一般原理;第3章、第4章对pn结、半导体表面和MOS晶体管的物理原理进行具体而深入的分析;第5章结合具体的半导体材料,介绍了有关晶体和缺陷的基础知识。 | |
| 333 | @a高等学校相关专业师生,从事半导体技术工作的技术人员和工人 | |
| 410 | 0 | @12001 |
| 410 | 0 | @12001 |
| 606 | 0 | @a半导体物理学 |
| 690 | @aO47@v4 | |
| 701 | 0 | @a黄昆@9huang kun@4著 |
| 701 | 0 | @a韩汝琦@9han ru qi@4著 |
| 801 | 0 | @aCN@b大连网信软件有限公司图书馆·11@c20161110 |
| 905 | @aZUCC@dO47@e20 | |
| 半导体物理基础/黄昆,韩汝琦著.-北京:科学出版社,1979.7(2010.9第2次印刷) |
| 283页:图;25cm.-(中国科学技术经典文库.物理卷) |
| 使用对象:高等学校相关专业师生,从事半导体技术工作的技术人员和工人 |
| ISBN 978-7-03-028728-1(精装):CNY68.00 |
| 本书主要介绍与晶体管、集成电路等所谓硅平面器件有关的半导体物理基础。第1章、第2章介绍半导体的一般原理;第3章、第4章对pn结、半导体表面和MOS晶体管的物理原理进行具体而深入的分析;第5章结合具体的半导体材料,介绍了有关晶体和缺陷的基础知识。 |
| ● |
| 相关链接 |
|
|
|
|
正题名:半导体物理基础
索取号:O47/20
 
预约/预借
| 序号 | 登录号 | 条形码 | 馆藏地/架位号 | 状态 | 备注 |
| 1 | 908242 | 209082428 | 第二样本阅览室/ [索取号:O47/20] | 在馆 | |
| 2 | 908243 | 209082437 | 第三借阅区/ [索取号:O47/20] | 在馆 | |
| 3 | 908244 | 209082446 | 密集书库-物理学院/ [索取号:O47/20] | 在馆 | |
| 4 | 908245 | 209082455 | 第三借阅区/ [索取号:O47/20] | 在馆 | |
| 5 | 908246 | 209082464 | 第三借阅区/ [索取号:O47/20] | 在馆 |